000 00530nam a2200169 i 4500
001 149938
003 ES-MaACL
005 20230906203322.0
007 t|
008 071025s1958 sp ||||1| spa d
100 1 _aVander, Adrianus.
_9113059
245 1 0 _aEnfermedades y trastornos en la vida conyugal
_b: su tratamiento médico-científico... /
_cA. Vander.
260 _aBarcelona :
_bVander,
_c[1958]
300 _a223 p., 17 lám. ;
_c25 cm.
650 4 _aHigiene sexual.
_9145017
852 _aES-MaACL
_jC-14665
_bR.42941
999 _c149938
_d149938